[Event "Mittelfranken Mitte-ch"]
[Site "Nuremberg"]
[Date "2017.01.06"]
[Round "2"]
[White "Majid, Hakim"]
[Black "Berg, Winfried"]
[Result "1-0"]
[WhiteElo "1228"]
[BlackElo "1595"]
[PlyCount "69"]
[EventDate "2017.01.05"]
[EventType "swiss"]
[EventRounds "7"]
[EventCountry "GER"]
[SourceTitle "EXT 2018"]
[Source "ChessBase"]
[SourceDate "2017.10.13"]
[SourceVersion "1"]
[SourceVersionDate "2017.10.13"]
[SourceQuality "1"]

1. e4 d5 2. Nc3 d4 3. Nce2 c5 4. d3 Nc6 5. Nf3 Bg4 6. Nf4 e6 7. Be2 Bd6 8. h3 Bxf3 9. Bxf3 Qc7 10. Ne2 Ne5 11. Ng1 Ne7 12. Be2 N5g6 13. Nf3 Nf4 14. 0-0 0-0 15. Qd2 Rac8 16. Bd1 b5 17. e5 Nxh3+ 18. gxh3 Bxe5 19. Nxe5 Qxe5 20. Qg5 Qc7 21. Bf4 Qd7 22. Bg4 Ng6 23. Bh2 f6 24. Qd2 f5 25. Bf3 f4 26. Rae1 e5 27. Bg4 Rf5 28. Kh1 Nh4 29. Qe2 Qd5+ 30. f3 Rcf8 31. Bxf5 Nxf5 32. Qxe5 Qb7 33. Bxf4 Ne3 34. Bxe3 dxe3 35. Rxe3 1-0

[Event "Mittelfranken Mitte-ch"]
[Site "Zirndorf"]
[Date "2016.01.06"]
[Round "6"]
[White "Weissmann, Peter"]
[Black "Berg, Winfried"]
[Result "1/2-1/2"]
[WhiteElo "1687"]
[BlackElo "1631"]
[PlyCount "91"]
[EventDate "2016.01.03"]
[EventType "swiss"]
[EventRounds "7"]
[EventCountry "GER"]
[SourceTitle "EXT 2018"]
[Source "ChessBase"]
[SourceDate "2017.10.13"]
[SourceVersion "1"]
[SourceVersionDate "2017.10.13"]
[SourceQuality "1"]

1. e4 e5 2. d4 Nc6 3. d5 Nce7 4. c4 g6 5. Nc3 d6 6. Bd3 Bg7 7. Be3 Nf6 8. f3 0-0 9. Qd2 Nh5 10. g4 Nf4 11. Bxf4 exf4 12. Nge2 g5 13. h4 h6 14. hxg5 hxg5 15. Rh5 Ng6 16. 0-0-0 Bd7 17. Rdh1 Ne5 18. Ng1 Qe7 19. Bc2 f6 20. b3 Kf7 21. Nce2 Rh8 22. Nd4 Rxh5 23. Rxh5 Rh8 24. Rxh8 Bxh8 25. Qa5 c5 26. Nf5 Bxf5 27. gxf5 b6 28. Qc3 Bg7 29. Nh3 g4 30. fxg4 Nxg4 31. Qf3 Ne5 32. Qxf4 Qf8 33. Qh4 Bh6+ 34. Kb2 Qg7 35. Nf4 Bxf4 36. Qxf4 Qg5 37. Qxg5 fxg5 38. Kc1 g4 39. Kd1 Kf6 40. Ke1 Kg5 41. Kf2 Kf4 42. f6 Kg5 43. Kg3 Kxf6 44. Bd1 Kg5 45. Be2 a6 46. a4 1/2-1/2

[Event "Mittelfranken Mitte-ch"]
[Site "Zirndorf"]
[Date "2016.01.03"]
[Round "1"]
[White "Berg, Winfried"]
[Black "Hannweber, Markus"]
[Result "0-1"]
[WhiteElo "1631"]
[BlackElo "1838"]
[PlyCount "56"]
[EventDate "2016.01.03"]
[EventType "swiss"]
[EventRounds "7"]
[EventCountry "GER"]
[SourceTitle "EXT 2018"]
[Source "ChessBase"]
[SourceDate "2017.10.13"]
[SourceVersion "1"]
[SourceVersionDate "2017.10.13"]
[SourceQuality "1"]

1. e4 e5 2. d4 exd4 3. Bc4 d6 4. Nf3 Nc6 5. Nxd4 Bd7 6. Nc3 Nf6 7. Bg5 Be7 8. Nxc6 Bxc6 9. Qe2 Nd7 10. Bf4 Bf6 11. Nd5 Bxb2 12. Rb1 Be5 13. Be3 0-0 14. f4 Bf6 15. 0-0 a6 16. Qh5 Bxd5 17. Bxd5 g6 18. Qg4 c6 19. Bc4 b5 20. Bb3 c5 21. Bd5 Rb8 22. Rf3 Nb6 23. Rd1 Nxd5 24. Rxd5 Qe7 25. Rh3 Qxe4 26. Rdh5 Bd4 27. Rxh7 Bxe3+ 28. Kf1 Qc4+ 0-1

[Event "Mittelfranken Mitte-ch 1213"]
[Site "Zirndorf"]
[Date "2013.01.06"]
[Round "6"]
[White "Thuerauf, Peter"]
[Black "Berg, Winfried"]
[Result "1/2-1/2"]
[WhiteElo "1790"]
[BlackElo "1639"]
[PlyCount "98"]
[EventDate "2013.01.03"]
[EventType "swiss"]
[EventRounds "7"]
[EventCountry "GER"]
[SourceTitle "EXT 2015"]
[Source "ChessBase"]
[SourceDate "2014.11.20"]
[SourceVersion "1"]
[SourceVersionDate "2014.11.20"]
[SourceQuality "1"]

1. d4 e6 2. c4 Nf6 3. Nf3 Bb4+ 4. Bd2 Qe7 5. e3 Ne4 6. Bd3 Nxd2 7. Nbxd2 0-0 8. 0-0 d5 9. Rc1 Bxd2 10. Qxd2 c6 11. b4 Nd7 12. Rc2 e5 13. dxe5 dxc4 14. Rxc4 Nxe5 15. Nxe5 Qxe5 16. f4 Qh5 17. f5 Qg5 18. f6 Re8 19. Rcf4 g6 20. R1f3 Be6 21. Qf2 Rad8 22. h4 Qe5 23. Qc2 Qh5 24. Rg3 Rd5 25. e4 Rd4 26. Rg5 Qh6 27. a3 Red8 28. Bf1 Qf8 29. Qf2 Bc4 30. Bxc4 Rxc4 31. h5 Rc1+ 32. Kh2 Rdd1 33. Re5 Rh1+ 34. Kg3 Rc3+ 35. Rf3 Rxf3+ 36. Kxf3 Rxh5 37. Rxh5 gxh5 38. Qxa7 Qd8 39. e5 Qd1+ 40. Ke4 Qe2+ 41. Kf4 Qg4+ 42. Ke3 Qg3+ 43. Ke4 Qxg2+ 44. Kd3 Qd5+ 45. Kc2 Qc4+ 46. Kb2 Qe2+ 47. Kb3 Qd3+ 48. Kb2 Qd2+ 49. Kb3 Qd3+ 1/2-1/2

[Event "Nuremberg Zabo op 14th"]
[Site "Nuremberg"]
[Date "2012.09.15"]
[Round "2.38"]
[White "Berg, Winfried"]
[Black "Drees, Martin"]
[Result "0-1"]
[WhiteElo "1616"]
[BlackElo "1606"]
[PlyCount "94"]
[EventDate "2012.09.14"]
[EventType "swiss"]
[EventRounds "5"]
[EventCountry "GER"]
[SourceTitle "EXT 2022"]
[Source "ChessBase"]
[SourceDate "2021.10.06"]
[SourceVersion "1"]
[SourceVersionDate "2021.10.06"]
[SourceQuality "1"]

1. c4 e5 2. g3 Nf6 3. Bg2 Nc6 4. Nc3 Bc5 5. e3 0-0 6. Nge2 Re8 7. a3 a5 8. d3 Ne7 9. d4 exd4 10. exd4 Ba7 11. 0-0 d5 12. c5 b6 13. b4 c6 14. Bg5 Ng6 15. Qa4 b5 16. Qc2 a4 17. Qd2 h6 18. Be3 Ng4 19. h3 Nxe3 20. fxe3 Bb8 21. e4 dxe4 22. Nxe4 Bxh3 23. Bxh3 Rxe4 24. Bg2 Re6 25. Nc3 Bxg3 26. d5 Re5 27. d6 Qh4 28. Rf3 Re1+ 29. Rxe1 Bxe1 30. Qa2 Bxc3 31. Qxf7+ Kh7 32. Rxc3 Qd4+ 33. Kh2 Qxc3 34. Bxc6 Qe5+ 35. Kh1 Qh5+ 36. Kg1 Qg4+ 37. Bg2 Qd4+ 38. Qf2 Qxf2+ 39. Kxf2 Rf8+ 40. Kg3 Ne5 41. c6 Nf7 42. d7 Ne5 43. Bd5 Kg6 44. Bg2 Kf6 45. Kf4 Ke6+ 46. Ke3 Kd6 47. Kd4 Nxc6+ 0-1

[Event "Nuremberg Zabo op 14th"]
[Site "Nuremberg"]
[Date "2012.09.14"]
[Round "1.6"]
[White "Hirn, Oskar"]
[Black "Berg, Winfried"]
[Result "1-0"]
[WhiteElo "2180"]
[BlackElo "1616"]
[PlyCount "63"]
[EventDate "2012.09.14"]
[EventType "swiss"]
[EventRounds "5"]
[EventCountry "GER"]
[SourceTitle "EXT 2022"]
[Source "ChessBase"]
[SourceDate "2021.10.06"]
[SourceVersion "1"]
[SourceVersionDate "2021.10.06"]
[SourceQuality "1"]

1. c4 e5 2. Nc3 Nf6 3. g3 Nc6 4. Bg2 Bb4 5. d3 0-0 6. e3 d6 7. Nge2 Bg4 8. 0-0 Bxc3 9. bxc3 Qd7 10. Re1 Rab8 11. e4 h5 12. Bg5 Nh7 13. Be3 b6 14. Qa4 Na5 15. Qxd7 Bxd7 16. f4 f6 17. Nc1 c5 18. Nb3 Nb7 19. Rac1 g5 20. Nd2 h4 21. f5 hxg3 22. hxg3 b5 23. d4 bxc4 24. Bf1 Kg7 25. Bxc4 Rfc8 26. Bd5 Na5 27. dxc5 dxc5 28. Rb1 Rb6 29. Nb3 Nxb3 30. axb3 a5 31. Ra1 Ra6 32. Bb7 1-0

[Event "Mittelfranken Mitte-ch 1112"]
[Site "Zirndorf"]
[Date "2012.01.07"]
[Round "5"]
[White "Berg, Winfried"]
[Black "Siegl, Melina"]
[Result "0-1"]
[WhiteElo "1612"]
[BlackElo "1758"]
[PlyCount "66"]
[EventDate "2012.01.05"]
[EventType "swiss"]
[EventRounds "7"]
[EventCountry "GER"]
[SourceTitle "EXT 2015"]
[Source "ChessBase"]
[SourceDate "2014.11.20"]
[SourceVersion "1"]
[SourceVersionDate "2014.11.20"]
[SourceQuality "1"]

1. c4 g6 2. g3 Bg7 3. Bg2 d6 4. Nc3 f5 5. e3 e5 6. d3 Nf6 7. Nge2 0-0 8. 0-0 c6 9. b4 Be6 10. Rb1 d5 11. cxd5 Nxd5 12. b5 b6 13. bxc6 Nxc6 14. Nxd5 Bxd5 15. Bxd5+ Qxd5 16. Qb3 Rfd8 17. Rd1 Rd7 18. Rb2 Rad8 19. Qxd5+ Rxd5 20. Rbd2 Kf7 21. Bb2 Na5 22. Bc3 Nc6 23. f4 b5 24. fxe5 Bxe5 25. Bxe5 Nxe5 26. Kf2 Rxd3 27. Rxd3 Rxd3 28. Rxd3 Nxd3+ 29. Kf3 Nc5 30. Nf4 Ne4 31. Nd5 a5 32. Kf4 b4 33. g4 Nc3 0-1

[Event "Mittelfranken Mitte-ch 1112"]
[Site "Zirndorf"]
[Date "2012.01.05"]
[Round "1"]
[White "Saathoff, Richard"]
[Black "Berg, Winfried"]
[Result "1-0"]
[WhiteElo "2113"]
[BlackElo "1612"]
[PlyCount "77"]
[EventDate "2012.01.05"]
[EventType "swiss"]
[EventRounds "7"]
[EventCountry "GER"]
[SourceTitle "EXT 2015"]
[Source "ChessBase"]
[SourceDate "2014.11.20"]
[SourceVersion "1"]
[SourceVersionDate "2014.11.20"]
[SourceQuality "1"]

1. e4 e6 2. d4 d5 3. Nc3 Nc6 4. e5 Nge7 5. Nf3 Nf5 6. Bf4 Bb4 7. Qd2 Bd7 8. a3 Be7 9. g4 Nh4 10. Nxh4 Bxh4 11. 0-0-0 a6 12. Qe3 b5 13. Rg1 g5 14. Bg3 Bxg3 15. Rxg3 b4 16. Na4 bxa3 17. Qxa3 Na7 18. Nc5 Bb5 19. Qe3 Bxf1 20. Rxf1 c6 21. Nb7 Qb6 22. Nd6+ Kd7 23. Qxg5 Rab8 24. Rb3 Qxd4 25. Qf6 Rxb3 26. Qxf7+ Kd8 27. Qf6+ Kc7 28. Qg7+ Kb6 29. Qb7+ Kc5 30. Qxb3 Nb5 31. Qg3 Nxd6 32. exd6 Rd8 33. Rd1 Qf6 34. Qa3+ Kb6 35. Qb4+ Ka7 36. Qc5+ Kb7 37. Rd4 Rxd6 38. Rb4+ Kc7 39. Qa7+ 1-0

[Event "Mittelfranken-ch QT 59th"]
[Site "Forchheim"]
[Date "2010.04.01"]
[Round "4"]
[White "Berg, Winfried"]
[Black "Stahl, Peter1111"]
[Result "1/2-1/2"]
[WhiteElo "1532"]
[BlackElo "1470"]
[PlyCount "78"]
[EventDate "2010.03.31"]
[EventType "swiss"]
[EventRounds "7"]
[EventCountry "GER"]
[SourceTitle "EXT 2011"]
[Source "ChessBase"]
[SourceDate "2010.11.26"]
[SourceVersion "1"]
[SourceVersionDate "2010.11.26"]
[SourceQuality "1"]

1. d4 d5 2. e4 dxe4 3. Bc4 Nf6 4. f3 Bf5 5. fxe4 Nxe4 6. Bxf7+ Kxf7 7. Qf3 Qxd4 8. Qxf5+ Nf6 9. Ne2 Qd7 10. Qf3 Qc6 11. 0-0 Qxf3 12. Rxf3 e5 13. Nbc3 Nc6 14. Bg5 Ke6 15. Re1 Be7 16. Nf4+ Kf5 17. Bxf6 gxf6 18. Nfd5+ Kg6 19. Ref1 Raf8 20. Rg3+ Kf7 21. Ne4 Nd4 22. Rf2 f5 23. Nxe7 Kxe7 24. Rg7+ Rf7 25. Rxf7+ Kxf7 26. c3 Nc6 27. Rxf5+ Kg7 28. Kf2 b6 29. g4 Rf8 30. Rxf8 Kxf8 31. Ng5 Ke7 32. Nxh7 Nd8 33. Ng5 Kf6 34. Ne4+ Kg6 35. h4 Ne6 36. Kf3 Nf4 37. Ng3 Nd3 38. Ke4 Nf2+ 39. Kxe5 Nxg4+ 1/2-1/2

[Event "Mittelfranken-ch QT 55th"]
[Site "Postbauer"]
[Date "2006.04.13"]
[Round "4"]
[White "Berg, Winfried"]
[Black "Muenzenberg, Dietrich"]
[Result "1/2-1/2"]
[WhiteElo "1605"]
[BlackElo "1716"]
[PlyCount "121"]
[EventDate "2006.04.12"]
[EventType "swiss"]
[EventRounds "7"]
[EventCountry "GER"]
[SourceTitle "EXT 2015"]
[Source "ChessBase"]
[SourceDate "2014.11.20"]
[SourceVersion "1"]
[SourceVersionDate "2014.11.20"]
[SourceQuality "1"]

1. f4 f5 2. Nf3 Nf6 3. b3 g6 4. Bb2 Bg7 5. Nc3 c6 6. e3 d6 7. d4 0-0 8. Rb1 Re8 9. d5 Qa5 10. Nd2 Ng4 11. Ne2 Nxe3 12. Qc1 Nxf1 13. Rxf1 Qxd5 14. Bxg7 Kxg7 15. Rf3 b6 16. Kf1 Ba6 17. c4 Qf7 18. h4 e5 19. Rg3 Kh8 20. Rh3 Nd7 21. h5 Rg8 22. Nf3 Rae8 23. Ng5 Qf6 24. hxg6 Qxg6 25. Rxh7+ Qxh7 26. Nxh7 Kxh7 27. Kf2 Bb7 28. Qc3 Kg7 29. Rh1 c5 30. Qg3+ Kf8 31. Qh3 Rxg2+ 32. Kf1 Be4 33. Rg1 Rxg1+ 34. Kxg1 Kf7 35. Kf2 Nf6 36. Qh4 Ke6 37. fxe5 dxe5 38. Nc3 Rd8 39. Nxe4 Nxe4+ 40. Ke1 Nf6 41. Qh1 e4 42. Qh2 Rd7 43. Qb8 Rh7 44. Qc8+ Nd7 45. Qe8+ Re7 46. Qg8+ Kf6 47. Qh8+ Kg6 48. Qg8+ Rg7 49. Qe8+ Kg5 50. Qh8 Rg6 51. Qd8+ Nf6 52. Qb8 f4 53. Qxa7 Ng4 54. Qe7+ Kf5 55. Qd7+ Re6 56. Qb7 Kg5 57. Qg7+ Kf5 58. Qh7+ Rg6 59. Qd7+ Kf6 60. Qd6+ Kf5 61. Qd7+ 1/2-1/2

[Event "Mittelfranken-ch QT 55th"]
[Site "Postbauer"]
[Date "2006.04.12"]
[Round "2"]
[White "Berg, Winfried"]
[Black "Muskat, Gunter"]
[Result "0-1"]
[WhiteElo "1605"]
[BlackElo "1855"]
[PlyCount "48"]
[EventDate "2006.04.12"]
[EventType "swiss"]
[EventRounds "7"]
[EventCountry "GER"]
[SourceTitle "EXT 2015"]
[Source "ChessBase"]
[SourceDate "2014.11.20"]
[SourceVersion "1"]
[SourceVersionDate "2014.11.20"]
[SourceQuality "1"]

1. f4 c5 2. Nf3 Nf6 3. b3 e6 4. Bb2 Be7 5. e3 0-0 6. Bd3 d5 7. 0-0 Nbd7 8. f5 Qc7 9. fxe6 fxe6 10. Ng5 Ne5 11. Bxh7+ Nxh7 12. Nxh7 Rxf1+ 13. Kxf1 Bh4 14. Kg1 g6 15. g3 Be7 16. Nc3 Bd7 17. Qf1 Kxh7 18. Ne2 Rf8 19. Nf4 Bf6 20. h4 d4 21. Qg2 Qc6 22. e4 d3 23. cxd3 Nf3+ 24. Qxf3 Bxb2 0-1

[Event "Mittelfranken Mitte-ch 0405"]
[Site "Zirndorf"]
[Date "2005.??.??"]
[Round "3"]
[White "Berg, Winfried"]
[Black "Woerl, Richard"]
[Result "0-1"]
[WhiteElo "1636"]
[BlackElo "1953"]
[PlyCount "62"]
[EventDate "2005.01.02"]
[EventType "swiss"]
[EventRounds "7"]
[EventCountry "GER"]
[SourceTitle "EXT 2015"]
[Source "ChessBase"]
[SourceDate "2014.11.20"]
[SourceVersion "1"]
[SourceVersionDate "2014.11.20"]
[SourceQuality "1"]

1. e3 e5 2. b3 d5 3. Bb2 Bd6 4. f4 Qe7 5. Nc3 c6 6. fxe5 Bxe5 7. Nf3 Bg4 8. Be2 Bxf3 9. Bxf3 Nf6 10. 0-0 Nbd7 11. d4 Bc7 12. e4 dxe4 13. Nxe4 0-0-0 14. Nxf6 Nxf6 15. c4 h5 16. Qc2 Ng4 17. Bxg4+ hxg4 18. g3 Qe3+ 19. Qf2 Qh6 20. Rae1 Rd7 21. Re2 Kb8 22. Rfe1 Rdd8 23. Bc1 g5 24. Be3 f5 25. d5 f4 26. Bxa7+ Ka8 27. Re6 Qh5 28. dxc6 b6 29. Bxb6 fxg3 30. Qg2 Bxb6+ 31. Kh1 Qxh2+ 0-1

[Event "Mittelfranken Mitte-ch 0405"]
[Site "Zirndorf"]
[Date "2005.??.??"]
[Round "4"]
[White "Narr, Irmgard"]
[Black "Berg, Winfried"]
[Result "0-1"]
[WhiteElo "1423"]
[BlackElo "1636"]
[PlyCount "116"]
[EventDate "2005.01.02"]
[EventType "swiss"]
[EventRounds "7"]
[EventCountry "GER"]
[SourceTitle "EXT 2015"]
[Source "ChessBase"]
[SourceDate "2014.11.20"]
[SourceVersion "1"]
[SourceVersionDate "2014.11.20"]
[SourceQuality "1"]

1. e4 g6 2. Bc4 d6 3. Nf3 Nf6 4. Ng5 e6 5. d3 Bg7 6. c3 0-0 7. 0-0 Bd7 8. Be3 b5 9. Bb3 c5 10. Nd2 Nc6 11. Qc1 b4 12. c4 Ng4 13. Ngf3 Nxe3 14. fxe3 a5 15. Ba4 Rb8 16. Rb1 Ne7 17. Bxd7 Qxd7 18. b3 a4 19. d4 Ra8 20. Rf2 cxd4 21. exd4 Nc6 22. d5 Nd4 23. Kh1 axb3 24. Nxb3 Nxb3 25. axb3 Ra3 26. Qd1 Rfa8 27. Ng5 Ra1 28. Rf1 Rxb1 29. Qxb1 Qe7 30. Nf3 exd5 31. exd5 Bc3 32. Qd3 Ra2 33. Ng1 Rd2 34. Qf3 Rb2 35. Qd1 Qa7 36. Nf3 Qa2 37. Nh4 Re2 38. Qb1 Qd2 39. Nf3 Qf4 40. Qd1 Qe4 41. Qb1 Qg4 42. Rg1 h5 43. Qd3 Rb2 44. Qd1 h4 45. h3 Qe4 46. Ng5 Qe3 47. Nf3 Ra2 48. Qc1 Qe2 49. Qd1 Qf2 50. Qf1 Qg3 51. Qd1 g5 52. Qc1 f6 53. Qb1 Ra7 54. Qg6+ Kf8 55. Qxf6+ Bxf6 56. Rf1 Rf7 57. Re1 g4 58. Ng1 Be5 0-1

[Event "Nuremberg Zabo op 06th"]
[Site "Nuremberg"]
[Date "2004.09.26"]
[Round "4"]
[White "Berg, Winfried"]
[Black "Bosch, Karl"]
[Result "0-1"]
[WhiteElo "1664"]
[BlackElo "2002"]
[PlyCount "58"]
[EventDate "2004.09.24"]
[EventType "swiss"]
[EventRounds "5"]
[EventCountry "GER"]
[SourceTitle "EXT 2012"]
[Source "ChessBase"]
[SourceDate "2011.11.24"]
[SourceVersion "1"]
[SourceVersionDate "2011.11.24"]
[SourceQuality "1"]

1. d4 e6 2. e4 b6 3. Nc3 a6 4. Bd3 Bb7 5. Nf3 d6 6. 0-0 Nd7 7. Re1 g6 8. Bg5 Ne7 9. e5 d5 10. Ne2 c5 11. c3 Bg7 12. Ng3 h6 13. Bf4 Nc6 14. Qc2 Qe7 15. a3 0-0-0 16. c4 dxc4 17. Bxc4 g5 18. Be3 g4 19. Nd2 Kb8 20. d5 Ncxe5 21. dxe6 fxe6 22. Bf4 Rdf8 23. Nh5 Qf7 24. Bxe6 Qxh5 25. Bg3 Ka7 26. Bxd7 Nxd7 27. Re7 Qd5 28. Ne4 Bd4 29. Re1 Re8 0-1

[Event "Nuremberg-ch op 04th"]
[Site "Nuremberg"]
[Date "2004.05.23"]
[Round "5"]
[White "Berg, Winfried"]
[Black "Degenhart, Herbert"]
[Result "1-0"]
[WhiteElo "1634"]
[BlackElo "1706"]
[PlyCount "43"]
[EventDate "2004.05.21"]
[EventType "swiss"]
[EventRounds "5"]
[EventCountry "GER"]
[SourceTitle "EXT 2006"]
[Source "ChessBase"]
[SourceDate "2005.11.24"]
[SourceVersion "1"]
[SourceVersionDate "2005.11.24"]
[SourceQuality "1"]

1. d4 c6 2. e4 e6 3. Nc3 d5 4. Be2 Bb4 5. a3 Bxc3+ 6. bxc3 dxe4 7. f3 Nf6 8. fxe4 Nxe4 9. Qd3 Nf6 10. Nf3 h6 11. 0-0 Nbd7 12. Bb2 0-0 13. Rad1 Qb6 14. Bc1 e5 15. Nh4 exd4 16. cxd4 Ne5 17. Qg3 Neg4 18. Rxf6 Nxf6 19. Bxh6 g6 20. Nxg6 Kh7 21. Bxf8 fxg6 22. Qh4+ 1-0

[Event "Nuremberg-ch op 04th"]
[Site "Nuremberg"]
[Date "2004.05.22"]
[Round "4"]
[White "Haeckler, Daniel"]
[Black "Berg, Winfried"]
[Result "1/2-1/2"]
[WhiteElo "2013"]
[BlackElo "1634"]
[PlyCount "71"]
[EventDate "2004.05.21"]
[EventType "swiss"]
[EventRounds "5"]
[EventCountry "GER"]
[SourceTitle "EXT 2006"]
[Source "ChessBase"]
[SourceDate "2005.11.24"]
[SourceVersion "1"]
[SourceVersionDate "2005.11.24"]
[SourceQuality "1"]

1. e4 g6 2. d4 Bg7 3. Nc3 d6 4. Be3 Nf6 5. f3 0-0 6. Qd2 Nbd7 7. Bd3 e5 8. Nge2 exd4 9. Nxd4 Ne5 10. Bg5 c6 11. f4 Nxd3+ 12. Qxd3 Qa5 13. 0-0-0 d5 14. Nb3 Qc7 15. exd5 Nxd5 16. Nxd5 cxd5 17. Qf3 Bf5 18. Rd2 Rac8 19. Qf2 Be4 20. Kb1 a5 21. Rc1 a4 22. Nd4 Qb6 23. Be7 Rfe8 24. Ba3 Rc4 25. Nf3 Qxf2 26. Rxf2 Rec8 27. b3 R4c6 28. Bb2 Ra6 29. Nd4 axb3 30. axb3 Rca8 31. Rcf1 Ra2 32. Rd1 R2a5 33. g4 f5 34. gxf5 Bxf5 35. Rfd2 Kf7 36. Kc1 1/2-1/2

[Event "Mittelfranken-ch QT 53rd"]
[Site "Lauf"]
[Date "2004.04.09"]
[Round "6"]
[White "Berg, Winfried"]
[Black "Runte, Dirk"]
[Result "1/2-1/2"]
[WhiteElo "1660"]
[BlackElo "1607"]
[PlyCount "48"]
[EventDate "2004.04.07"]
[EventType "swiss"]
[EventRounds "7"]
[EventCountry "GER"]
[SourceTitle "EXT 2015"]
[Source "ChessBase"]
[SourceDate "2014.11.20"]
[SourceVersion "1"]
[SourceVersionDate "2014.11.20"]
[SourceQuality "1"]

1. d4 Nf6 2. Nc3 e6 3. Bg5 Be7 4. e4 Nxe4 5. Bxe7 Nxc3 6. bxc3 Qxe7 7. Bd3 d5 8. Ne2 Nd7 9. 0-0 0-0 10. Ng3 g6 11. Qd2 c5 12. Rae1 c4 13. Be2 Qh4 14. Bd1 Kg7 15. Re3 Qh6 16. Qe1 b6 17. Nh1 Qf4 18. Rf3 Qd6 19. Qd2 Bb7 20. Rh3 Rh8 21. Ng3 Rae8 22. Qg5 Qe7 23. Qh6+ Kg8 24. Re1 Qf8 1/2-1/2

[Event "Mittelfranken-ch QT 53rd"]
[Site "Lauf"]
[Date "2004.04.07"]
[Round "2"]
[White "Berg, Winfried"]
[Black "Zwingel, Stephan"]
[Result "0-1"]
[WhiteElo "1660"]
[BlackElo "1889"]
[PlyCount "72"]
[EventDate "2004.04.07"]
[EventType "swiss"]
[EventRounds "7"]
[EventCountry "GER"]
[SourceTitle "EXT 2015"]
[Source "ChessBase"]
[SourceDate "2014.11.20"]
[SourceVersion "1"]
[SourceVersionDate "2014.11.20"]
[SourceQuality "1"]

1. b3 d5 2. Bb2 e6 3. e3 Nf6 4. f4 b6 5. Nf3 Bb7 6. Be2 Nbd7 7. 0-0 Bd6 8. Qe1 Qe7 9. d3 0-0-0 10. Nd4 a6 11. c4 c5 12. Nc2 e5 13. a4 Rhe8 14. a5 exf4 15. axb6 Nxb6 16. d4 dxc4 17. Qa5 Qc7 18. dxc5 Bxc5 19. b4 Bxe3+ 20. Nxe3 Rxe3 21. Bf3 Nbd5 22. Bxf6 Qxa5 23. Rxa5 Nxf6 24. Bxb7+ Kxb7 25. Na3 Re4 26. Rb1 Kb6 27. Rc5 Rdd4 28. Rc8 Nd5 29. b5 a5 30. Rc6+ Kb7 31. Ra6 Rd2 32. Rxa5 Ree2 33. Nxc4 Rxg2+ 34. Kf1 Ne3+ 35. Nxe3 Rdf2+ 36. Ke1 fxe3 0-1

[Event "Mittelfranken-ch QT 53rd"]
[Site "Lauf"]
[Date "2004.04.07"]
[Round "1"]
[White "Genser, Nils"]
[Black "Berg, Winfried"]
[Result "0-1"]
[WhiteElo "996"]
[BlackElo "1660"]
[PlyCount "50"]
[EventDate "2004.04.07"]
[EventType "swiss"]
[EventRounds "7"]
[EventCountry "GER"]
[SourceTitle "EXT 2015"]
[Source "ChessBase"]
[SourceDate "2014.11.20"]
[SourceVersion "1"]
[SourceVersionDate "2014.11.20"]
[SourceQuality "1"]

1. e4 g6 2. d3 Bg7 3. Be3 Bxb2 4. Nd2 Bxa1 5. Qxa1 f6 6. e5 Nc6 7. exf6 Nxf6 8. Bh6 d5 9. Bg7 Rg8 10. Bxf6 exf6 11. Qc1 Kf7 12. Nb3 a5 13. Qh6 Rg7 14. Be2 Qe7 15. Nf3 Qb4+ 16. Nfd2 a4 17. Nc1 Nd4 18. Kd1 Qc3 19. Ke1 Qxc2 20. Bd1 Qxc1 21. Qe3 Nc2+ 22. Ke2 Nxe3 23. fxe3 Bg4+ 24. Nf3 Re8 25. Rf1 Qxe3# 0-1

[Event "Nuremberg Zabo op 04th"]
[Site "Nuremberg"]
[Date "2002.09.29"]
[Round "5"]
[White "Berg, Winfried"]
[Black "Bruder, Heinz"]
[Result "1-0"]
[WhiteElo "1714"]
[BlackElo "1520"]
[PlyCount "111"]
[EventDate "2002.09.27"]
[EventType "swiss"]
[EventRounds "5"]
[EventCountry "GER"]
[SourceTitle "EXT 2003"]
[Source "ChessBase"]
[SourceDate "2002.11.25"]
[SourceVersion "1"]
[SourceVersionDate "2002.11.25"]
[SourceQuality "1"]

1. d4 g6 2. e3 e6 3. Nf3 d6 4. Nbd2 a6 5. Bd3 Bg7 6. 0-0 Nc6 7. c3 Nce7 8. e4 c6 9. Ng5 h6 10. Ngf3 Nf6 11. e5 dxe5 12. Nxe5 Nd7 13. f4 f5 14. Ndf3 Nxe5 15. Nxe5 h5 16. Bc4 Bf6 17. Qe2 b5 18. Bb3 Kf8 19. Be3 Kg7 20. Rad1 Qd6 21. Rd2 Bb7 22. Bf2 Nd5 23. Bxd5 cxd5 24. Qf3 Bxe5 25. fxe5 Qe7 26. Be3 g5 27. Qg3 g4 28. h4 Kf7 29. Bg5 Qf8 30. Qf4 Qg8 31. Rc2 Rc8 32. Rfc1 Ke8 33. b3 Rh7 34. c4 Rhc7 35. c5 Bc6 36. a3 Rg7 37. Qd2 Qf7 38. Ra2 Qc7 39. a4 Kf7 40. Qb4 Ke8 41. Rac2 Kd7 42. axb5 Bxb5 43. c6+ Ke8 44. Qd6 Rg6 45. Qd7+ Kf8 46. Be7+ Kg8 47. Bd6 Qd8 48. Be7 Qc7 49. Bf6 Qxd7 50. cxd7 Bxd7 51. Rxc8+ Bxc8 52. Rxc8+ Kf7 53. Rc7+ Kg8 54. Ra7 f4 55. Rxa6 f3 56. Rxe6 1-0